| 000 | 00834cab a2200229 4500 | ||
|---|---|---|---|
| 001 | WB3110-58 | ||
| 008 | 090401t1995 xxu||||| |||| 00| 0 eng d | ||
| 035 | _a(Sirsi) u22884 | ||
| 041 | _aeng | ||
| 245 | _aRoadbuilding privatisation to be halted | ||
| 260 | _c1995 | ||
| 350 | _a0 | ||
| 490 |
_aIndependent _v7 March 1995, 9(1) |
||
| 520 | _aPlans to privatise road schemes could cause cutbacks in the roadbuilding programme because private money is more expensive than government funds. Further DBFO schemes will not be announced until the first eight have been successfully put out to tender. | ||
| 650 | _aDBFO SCHEMES | ||
| 650 | _aDESIGN BUILD FINANCE OPERATE SCHEMES | ||
| 650 | _aPRIVATISATION | ||
| 650 | _aROADBUILDING PROGRAMME | ||
| 690 | _aTRANSPORT AND COMMUNICATIONS | ||
| 942 | _n0 | ||
| 948 | _c04/03/1997 | ||
| 999 |
_c15342 _d15342 |
||